000 01849nam a2200397 c 4500
003 BLK
005 20210222145748.0
008 180409b bul|||||r ||||||| ||bul||
010 _aKNG00101074000
020 _a954-9964-38-8
_bиздат.: Класика и стил
040 _aBLK
041 _aBUL
_cBUL
080 _aИкономическа политика. Стопанско ръководство. Управление на стопанство. Стопанско планиране.
_b338.2
_x
_z338.2
080 _aМетоди на управление. Мениджмънт. Анализи, планиране, ръководство, сътрудничество, контрол, коопериране и др.
_b005.5
_x
_z005.5
100 1 _aДракър, Питър Фердинанд
_eпърви автор
_965284
700 1 _aТрифонов, Тинко
_eпрев. от англ.
_9363625
139 _aДракър, Питър Фердинанд
_bД 87
245 1 0 _aИновации и предприемачество
_cПитър Фердинанд Дракър; прев. от англ. Тинко Трифонов.
250 _aНово изд.
257 _aUSA
260 София
_bКласика и стил
_c2002
_fВ. Търново : Абагар
300 _a338 с.
_c23 см
380 _a3
490 1 _aДостъпно бизнес познание
650 4 _aСтопанство - управление
_9244936
650 4 _aОрганизация на управлението
_9250731
650 4 _aИновации
_9157249
650 4 _aПредприемачество
_9167569
653 _aиновации
653 _aпредприемачество
852 _aЦб 211310
856 4 _qpdf
_u
856 4 _qpdf
_u
942 _cKNG
_n0
_02
944 _aCR
_c01.01.2002
_kЦветанка_Енчева
944 _aED
_c12.07.2004
_k
999 _c96189
_d96189